[Event "Vojvodina-ch 6th"]
[Site "Novi Sad"]
[Date "2015.07.26"]
[Round "4"]
[White "Stikovic, Dobrica"]
[Black "Hajder, Nedeljko"]
[Result "1-0"]
[WhiteElo "2194"]
[BlackElo "2033"]
[PlyCount "105"]
[EventDate "2015.07.25"]
[EventType "swiss"]
[EventRounds "9"]
[EventCountry "YUG"]
[SourceTitle "CBM 167 Extra"]
[Source "ChessBase"]
[SourceDate "2015.09.14"]
[SourceVersion "1"]
[SourceVersionDate "2015.09.14"]
[SourceQuality "1"]

1. c4 c5 2. Nc3 Nc6 3. Nf3 Nf6 4. g3 g6 5. Bg2 Bg7 6. 0-0 0-0 7. d4 cxd4 8. Nxd4 Nxd4 9. Qxd4 d6 10. Qd3 a6 11. Rd1 Qc7 12. Bg5 Be6 13. Nd5 Bxd5 14. cxd5 Rfe8 15. Bh3 Qb6 16. Rd2 Rad8 17. Rc1 h6 18. Be3 Qa5 19. Qb3 b5 20. Rdc2 Rb8 21. Bd2 b4 22. Bg2 Qb5 23. e4 a5 24. Bf1 Qd7 25. Rc7 Qg4 26. f3 Qh5 27. Kg2 g5 28. h3 Nh7 29. Bd3 f6 30. Be3 Qf7 31. Ba7 Ra8 32. Bb5 Red8 33. Bd7 Nf8 34. Bf5 Kh8 35. Rb7 Nh7 36. Rcc7 Bf8 37. Qa4 h5 38. Qxa5 Qe8 39. Qb5 Qxb5 40. Rxb5 Kg7 41. Rxb4 Re8 42. Rbb7 g4 43. hxg4 hxg4 44. f4 Kg8 45. Bxg4 f5 46. Bxf5 Nf6 47. g4 Red8 48. g5 Nh5 49. Kf3 Ng7 50. Bg4 Ne8 51. Be6+ Kg7 52. Rc2 Kg6 53. Kg4 1-0